| Поле | Название | Значение |
| |
Тип записи |
a |
| |
Библиографический уровень |
m |
| 001 |
Контрольный номер |
RU/URAIT/587344 |
| 005 |
Дата корректировки |
20260429163653.3 |
| 008 |
Кодируемые данные |
260429s2026 RU y f j 000 0 rus u |
| 020 |
Индекс ISBN |
__ |
| a |
ISBN |
978-5-534-11446-1 |
| c |
Цена, тираж |
489.00 |
| 040 |
Источник каталогиз. |
__ |
| a |
Служба первич. каталог. |
ИКО Юрайт |
| c |
Служба, преобразующая запись |
ИКО Юрайт |
| e |
Правила каталог. |
RCR |
| 041 |
Код языка издания |
__ |
| a |
Код языка текста |
rus |
| 044 |
Код страны публикации |
__ |
| a |
Код страны публикации |
RU |
| 080 |
Индекс УДК |
__ |
| a |
Индекс УДК |
796.06(075.8) |
| 084 |
Индекс другой классификации/Индекс ББК |
__ |
| 2 |
Источник индекса |
rubbk |
| a |
Индекс другой классификации/Индекс ББК |
75я73 |
| 100 |
Автор |
__ |
| a |
Автор |
Поливаев А. Г. |
| q |
Полное имя |
Поливаев Алексей Геннадьевич |
| 245 |
Заглавие |
__ |
| a |
Заглавие |
Организация судейства и проведение соревнований по игровым видам спорта (баскетбол, волейбол, мини-футбол) |
| b |
Продолж. заглавия |
учебник для вузов |
| c |
Ответственность |
А. Г. Поливаев. |
| 250 |
Сведения об издании |
__ |
| a |
Основные сведения об издании |
2-е изд. |
| 256 |
Характеристики компьютерного файла |
__ |
| a |
Характеристики компьютерного файла |
Электрон. дан. |
| 260 |
Выходные данные |
__ |
| a |
Место издания |
Москва |
| b |
Издательство |
Юрайт |
| c |
Дата издания |
2026 |
| 300 |
Физическое описание |
__ |
| a |
Объем |
103 с |
| 440 |
Серия |
__ |
| a |
Серия |
Высшее образование |
| 500 |
Примечания |
__ |
| a |
Примечание |
URL: https://urait.ru/bcode/587344 (дата обращения: 29.04.2026). |
| 520 |
Аннотация |
__ |
| a |
Аннотация |
Курс содержит основные положения по судейству различных игровых видов спорта (баскетбол, волейбол, мини-футбол). В курсе рассматриваются вопросы механики и методики судейства в игровых видах спорта, требования к судьям и их основные обязанности. Соответствует актуальным требованиям Федерального государственного образовательного стандарта высшего образования. Курс предназначен для начинающих судей по данных игровым видам спорта, студентов факультетов физической культуры и физкультурных профилей подготовки педагогических вузов, студентов физкультурных вузов, обучающихся по направлениям подготовки бакалавров «Педагогическое образование», «Педагогическое образование» (с двумя профилями подготовки), «Физическая культура». |
| 538 |
Прим. о системных особенностях |
__ |
| a |
Прим. о системных особенностях |
Режим доступа: Электронно-библиотечная система Юрайт, для авториз. пользователей |
| 653 |
Ключевые слова |
__ |
| a |
Ключевые слова |
Физическая культура |
| 653 |
Ключевые слова |
__ |
| a |
Ключевые слова |
Гуманитарные науки |
| 653 |
Ключевые слова |
__ |
| a |
Ключевые слова |
Волейбол |
| 653 |
Ключевые слова |
__ |
| a |
Ключевые слова |
Баскетбол |
| 653 |
Ключевые слова |
__ |
| a |
Ключевые слова |
Организация судейства и проведение соревнований по игровым видам спорта |
| 653 |
Ключевые слова |
__ |
| a |
Ключевые слова |
Мини-футбол |
| 653 |
Ключевые слова |
__ |
| a |
Ключевые слова |
Физическая культура и спорт (баскетбол) |
| 653 |
Ключевые слова |
__ |
| a |
Ключевые слова |
Физическая культура и спорт (волейбол) |
| 653 |
Ключевые слова |
__ |
| a |
Ключевые слова |
Элективные дисциплины по физической культуре и спорту (Повышение спортивного мастерства-баскетбол) |
| 653 |
Ключевые слова |
__ |
| a |
Ключевые слова |
Элективные дисциплины по физической культуре и спорту (Повышение спортивного мастерства-волейбол) |
| 653 |
Ключевые слова |
__ |
| a |
Ключевые слова |
Элективные курсы по физической культуре (Баскетбол) |
| 653 |
Ключевые слова |
__ |
| a |
Ключевые слова |
Элективные курсы по физической культуре (волейбол) |
| 653 |
Ключевые слова |
__ |
| a |
Ключевые слова |
Элективные курсы по физической культуре и спорту (Повышение спортивного мастерства: баскетбол) |
| 653 |
Ключевые слова |
__ |
| a |
Ключевые слова |
Элективные курсы по физической культуре и спорту (Повышение спортивного мастерства: волейбол) |
| 653 |
Ключевые слова |
__ |
| a |
Ключевые слова |
Элективная дисциплина по физической культуре и спорту: волейбол |
| 653 |
Ключевые слова |
__ |
| a |
Ключевые слова |
Элективные курсы по физической культуре и спорту (Волейбол) |
| 653 |
Ключевые слова |
__ |
| a |
Ключевые слова |
Элективные дисциплины (модули) по физической культуре и спорту (Волейбол) |
| 856 |
Электронный адрес документа |
40 |
| n |
Местонахождение сервера |
Юрайт |
| g |
|
Электронная книга |
| q |
Тип электронного формата |
html |
| h |
Имя пользователя |
ЮРАЙТ |
| v |
Часы доступа к ресурсу |
20271231 |
| 2 |
Способ доступа |
Показать документ |
| x |
Служебное примечание |
https://urait.ru/book/cover/B1FEA732-4CD2-4E5F-92DF-3EAAFA6783A6 |
| u |
URL |
https://urait.ru/bcode/587344 |
| 856 |
Электронный адрес документа |
48 |
| q |
Тип электронного формата |
cover |
| u |
URL |
https://urait.ru/book/cover/B1FEA732-4CD2-4E5F-92DF-3EAAFA6783A6 |
| 911 |
|
__ |
| u |
|
0030=https://urait.ru/bcode/587344 |
| 911 |
|
__ |
| u |
|
073a=9785534114461 |
| u |
|
073d=489.00 |
| 911 |
|
__ |
| u |
|
106a=s |
| 911 |
|
__ |
| u |
|
900l= |
| 952 |
Тип литературы |
__ |
| i |
Дисциплина |
Волейбол |
| 952 |
Тип литературы |
__ |
| i |
Дисциплина |
Баскетбол |
| 952 |
Тип литературы |
__ |
| i |
Дисциплина |
Организация судейства и проведение соревнований по игровым видам спорта |
| 952 |
Тип литературы |
__ |
| i |
Дисциплина |
Мини-футбол |
| 952 |
Тип литературы |
__ |
| i |
Дисциплина |
Физическая культура и спорт (баскетбол) |
| 952 |
Тип литературы |
__ |
| i |
Дисциплина |
Физическая культура и спорт (волейбол) |
| 952 |
Тип литературы |
__ |
| i |
Дисциплина |
Элективные дисциплины по физической культуре и спорту (Повышение спортивного мастерства-баскетбол) |
| 952 |
Тип литературы |
__ |
| i |
Дисциплина |
Элективные дисциплины по физической культуре и спорту (Повышение спортивного мастерства-волейбол) |
| 952 |
Тип литературы |
__ |
| i |
Дисциплина |
Элективные курсы по физической культуре (Баскетбол) |
| 952 |
Тип литературы |
__ |
| i |
Дисциплина |
Элективные курсы по физической культуре (волейбол) |
| 952 |
Тип литературы |
__ |
| i |
Дисциплина |
Элективные курсы по физической культуре и спорту (Повышение спортивного мастерства: баскетбол) |
| 952 |
Тип литературы |
__ |
| i |
Дисциплина |
Элективные курсы по физической культуре и спорту (Повышение спортивного мастерства: волейбол) |
| 952 |
Тип литературы |
__ |
| i |
Дисциплина |
Элективная дисциплина по физической культуре и спорту: волейбол |
| 952 |
Тип литературы |
__ |
| i |
Дисциплина |
Элективные курсы по физической культуре и спорту (Волейбол) |
| 952 |
Тип литературы |
__ |
| i |
Дисциплина |
Элективные дисциплины (модули) по физической культуре и спорту (Волейбол) |